Inteligentný osvetľovací systém

Saved in:
Bibliographic Details
Main Author: Jagelka, Martin, 1989- (Author)
Other Authors: Daříček, Martin, 1981- (Thesis advisor)
Format: Manuscript Book
Language:Slovak
Published: Bratislava : STU v Bratislave FEI, 2012
Subjects:
Online Access:VAIS
Tags: Add Tag
No Tags, Be the first to tag this record!

MARC

LEADER 00000ntm a22000003a 4500
001 stu253562
005 20150617230226.1
008 120818s2012----xo------------------slo-d
040 |a STU  |b slo 
041 0 |a slo 
044 |a xo 
100 1 |a Jagelka, Martin,  |d 1989-  |4 aut  |u E030  |U FEI Fakulta elektrotechniky a informatiky  |T FEI Ústav elektroniky a fotoniky  |X 8041  |U E030  |Y 549  |7 A000008041 
242 0 0 |a Intelligent lighting system  |y eng 
245 1 |a Inteligentný osvetľovací systém 
260 |a Bratislava :  |b STU v Bratislave FEI,  |c 2012 
650 7 |a Microelectronics  |2 estusub 
700 1 |a Daříček, Martin,  |d 1981-  |4 ths  |u E030  |U FEI Fakulta elektrotechniky a informatiky  |T FEI Ústav elektroniky a fotoniky  |X 27484  |U E030  |Y 549  |7 A000027484 
856 4 |a info a plný text  |u http://is.stuba.sk/zp/portal_zp.pl?podrobnosti=81840  |3 VAIS